| 000 | 00788nam a2200193 i 4500 | ||
|---|---|---|---|
| 001 | 26690 | ||
| 003 | ES-MaACL | ||
| 005 | 20230906153502.0 | ||
| 007 | t| | ||
| 008 | 030110s1912 sp ||||1| spa d | ||
| 245 | 0 | 0 | _aAsamblea forestal celebrada en Zaragoza del 18 al 23 de septiembre de 1911 : crónica y trabajos presentados. |
| 260 |
_aMadrid : _b[s.n.], _c1912 ( _fImp. Alemana) |
||
| 300 |
_a149 p., [2] h. pleg. [12] h. de lám. ; _c22 cm. |
||
| 490 | 1 |
_aCuerpo Nacional de Ingenieros de Montes. Inspección de repoblaciones forestales y piscícolas ; _v14 |
|
| 650 | 4 |
_aSivicultura. _9139431 |
|
| 830 | 0 |
_aCuerpo Nacional de Ingenieros de Montes. Inspección de repoblaciones forestales y piscícolas ; _v14 _9183510 |
|
| 852 |
_aES-MaACL _jT-1330-F-2 |
||
| 999 |
_c26690 _d26690 |
||